| 000 | 01155nam2a22003131 4500 | ||
|---|---|---|---|
| 001 | rc\213174 | ||
| 005 | 20250630144331.0 | ||
| 010 |
_a5-85617-005-9 _91000 |
||
| 021 |
_aRU _b94-19614 |
||
| 035 | _a(NLR Aleph) 008748848 | ||
| 090 |
_a9561210 _c9561210 |
||
| 100 | _a20030307d1994 |||y0rusy50 ca | ||
| 101 | 0 | _arus | |
| 102 | _aRU | ||
| 105 | _aa f|||||||| | ||
| 200 | 1 |
_aВолновой геном _fП. П. Гаряев |
|
| 210 | _d1994 | ||
| 215 |
_a280 с. _cил. |
||
| 300 | _aНа обл. только авт. и загл. тома | ||
| 320 | _aБиблиогр. в конце глав | ||
| 461 | 0 |
_1001rc\213170 _12001#$aЭнциклопедия русской мысли$vТ. 5 _97843126 _cМосква _d1993-1997 _nОбщественная польза _tЭнциклопедия русской мысли _y5856171004 _vТ. 5 |
|
| 604 | 1 |
_150010$aВолновой геном$2psbo _tВолновой геном |
|
| 700 | 1 |
_aГаряев _bП. П. _gПетр Петрович |
|
| 801 | 0 |
_aRU _bNLR _gpsbo |
|
| 801 | 1 |
_aRU _bELAR _2rusmarc |
|
| 801 | 2 |
_aRU _bNLR _c20150311 _2rusmarc |
|
| 852 |
_aNLR _j93-3/2099 (5) |
||
| 942 | _cBOOK | ||
| 980 | _aNB | ||